| 000 | 00860nam a22002057a 4500 | ||
|---|---|---|---|
| 003 | BUBTL | ||
| 008 | 230503b ||||| |||| 00| 0 eng d | ||
| 020 | _a9847021401680 | ||
| 082 | _a954.915/ Sa581/ 2022 | ||
| 245 |
_aসংসদে বঙ্গবন্ধু / _cমুজিববর্ষ-২০২০ বাংলাদেশ জাতীয় কমিটি |
||
| 250 | _a1st Edn | ||
| 260 |
_aDhaka: _bHakkani Publishers, _cc2022 |
||
| 300 |
_a367 p.: _bills.; _c28 cm. |
||
| 505 | _aসংসদে বঙ্গবন্ধু, মুজিববর্ষ-২০২০ বাংলাদেশ জাতীয় কমিটি, বঙ্গবন্ধু | ||
| 650 | 0 |
_93573 _aবঙ্গবন্ধু |
|
| 650 | 0 |
_94372 _aBangabandhu |
|
| 856 |
_k0 _l0 _yDownload |
||
| 942 |
_2ddc _cBK |
||
| 999 |
_c7032 _d7032 |
||